000 00544nam a2200205Ia 4500
005 20250923150012.0
008 008 250917s9999 xx 000 0 eng d
037 _aTextual
040 _aDSWL
_beng
_cDSWL
041 _aeng
_2eng
084 _aX:8, B97
_qDSWL
100 _aHagan, Jack
_9841163
245 0 _aManagement of quality
_c by Jack Hagan
260 _aDelhi
_bUniversity Press
_c1994
300 _axi,163 p.
365 _aINR
_b395.00
925 _g395.00
942 _cTEXL
_hX:8, B97
999 _c1458361
_d1458361